000 00418nam a2200169Ia 4500
008 230524s9999 xx 000 0 und d
020 _a9788184889017
082 _a4.16
_bSAR
100 _aA.M.Sarma
245 0 _aAspects of Labour Welfare and Social Security
250 _a10TH
260 _aMUMBAI
_bHimalaya
_c2010
300 _aXVI;284
500 _aQuantity Number: 2
650 _aManagement
942 _cBK
999 _c46885
_d46885